The RICS Homebuyer Report (Survey) 2016 (Record no. 115793)
[ view plain ]
| 000 -LEADER | |
|---|---|
| fixed length control field | 02001cad a22003375a 4500 |
| 001 - CONTROL NUMBER | |
| control field | L159307 |
| 008 - FIXED-LENGTH DATA ELEMENTS--GENERAL INFORMATION | |
| fixed length control field | 160706s2016 xxk 000 0 eng u |
| 020 1# - INTERNATIONAL STANDARD BOOK NUMBER | |
| ISBN | 9781783211517 |
| 035 ## - SYSTEM CONTROL NUMBER | |
| System control number | (Sirsi) u159307 |
| 041 0# - LANGUAGE CODE | |
| Language code of text/sound track or separate title | eng |
| 110 2# - MAIN ENTRY--CORPORATE NAME | |
| Corporate author | Royal Institution of Chartered Surveyors |
| 245 04 - TITLE STATEMENT | |
| Title | The RICS Homebuyer Report (Survey) 2016 |
| Subtitle | RICS professional statement |
| Medium | [electronic resource] |
| Statement of responsibility, etc | [replaced by Home Survey Standard] |
| 250 ## - EDITION | |
| Edition statement | 1st ed. |
| 260 ## - PUBLICATION INFORMATION | |
| Place of publication | Coventry |
| Publisher | RICS |
| Date | 2016 |
| 490 #0 - SERIES TITLE | |
| Series statement | RICS Professional Statement |
| 520 ## - ABSTRACT | |
| Abstract | Accompanies the RICS Homebuyer Report (Survey) 1st edition June 2016. Part A refers to mandatory status of the professional statement, requirements and scope, the contract, commentary and guidance on compiling the report. Part B The report, Part C Report form and checklists and Part D appendices. The Practice Statement reflects the property law in England, Wales, Northern Ireland, the Channel Islands and the Isle of Man but does not apply to Scotland. The RICS Homebuyer Report Survey) 2016 does not include a valuation. If a valuation as part of the standard service clients should be advisd to commission an RICS HomeBuyer (Survey & Valuation) Service 2016 (L159308), which can only be undertaken by a surveyor who is a member of the RICS Valuer Registration Scheme |
| 520 ## - ABSTRACT | |
| Abstract | Effective from 12 September 2016. See Home survey standard K121160 effective from 1 June 2020. |
| 520 ## - ABSTRACT | |
| Abstract | No longer in use, please refer to Home Survey Standard |
| 521 ## - TARGET AUDIENCE NOTE | |
| Target audience note | Advanced |
| 590 ## - LOCAL NOTE (RLIN) | |
| Local note | KA |
| 650 ## - KEYWORDS | |
| Keywords | Home survey standard |
| 651 #4 - SUBJECT ADDED ENTRY--GEOGRAPHIC NAME | |
| Geographic name | England |
| 651 #4 - SUBJECT ADDED ENTRY--GEOGRAPHIC NAME | |
| Geographic name | Wales |
| 651 #4 - SUBJECT ADDED ENTRY--GEOGRAPHIC NAME | |
| Geographic name | Northern Ireland |
| 651 #4 - SUBJECT ADDED ENTRY--GEOGRAPHIC NAME | |
| Geographic name | Isle of Man |
| 651 #4 - SUBJECT ADDED ENTRY--GEOGRAPHIC NAME | |
| Geographic name | Channel Islands |
| 690 ## - BROAD SUBJECT | |
| Broad subject | Survey reports |
| 9 (RLIN) | 6270 |
| 690 ## - BROAD SUBJECT | |
| Broad subject | Residential property |
| 9 (RLIN) | 6266 |
| 856 48 - ONLINE RESOURCE | |
| Uniform Resource Identifier | <a href="https://www.isurv.com/downloads/file/6849/archive_rics_homebuyer_report_survey_1st_edition_professional_statement_2016-may_2022">https://www.isurv.com/downloads/file/6849/archive_rics_homebuyer_report_survey_1st_edition_professional_statement_2016-may_2022</a> |
| Public note | Archived on iSurv (subscription required) |
| 942 ## - ADDED ENTRY ELEMENTS (KOHA) | |
| Suppress in OPAC | Do not suppress in OPAC |
| Lost status | Source of classification or shelving scheme | Damaged status | Not for loan | Home library | Current library | Shelving location | Date acquired | Total Checkouts | Full call number | Date last seen | Copy number | Price effective from | Koha item type |
|---|---|---|---|---|---|---|---|---|---|---|---|---|---|
| Dewey Decimal Classification | Virtual | Virtual | Online | 06/07/2016 | iSurv | 13/04/2023 | 1 | 06/08/2019 | Book |